Football General Knowledge Quiz #5 - Statistics

General Stats
  • This quiz has been taken 471 times
  • The average score is 14 of 20
Answer Stats
Answer % Correct
Cristiano RonaldoZlatan Ibrahimovic Robert Lewandowski
96%
Messi Suarez Neymar
95%
2016
91%
Everton
84%
Porto
81%
Gareth Bale
80%
Jose Mourinho
78%
Ryan Giggs
77%
Florian Wirtz (18)
76%
Eddie Howe
73%
Jabulani
72%
1995
68%
Parc des Princes
68%
Victor Boniface (21)
65%
Derby County
58%
Norwich City
58%
Centurions
55%
Jeremie Frimpong (14)
53%
Leicester City
46%
PSV Eindhoven
35%
No matching quizzes found
Score Distribution
Percent of People with Each Score
Percentile by Number Answered
Your Score History
You have not taken this quiz